00419nam a2200169Ia 4500008004100000020001800041041000800059082001900067100001300086245002800099250001200127260003800139300000600177500002800183650002500211700001300236230125s9999 xx 000 0 und d a0-07-061643-4 aeng a658.15954bKHA aKhan M Y aIndian Financial System a5th Ed. c2007bTata Mcgraw HillaNew Delhi a- aIndian Financial System aFinancial Management aKhan M Y